Soil conditions and plant growth / (Record no. 75141)
[ view plain ]
| 000 -LEADER | |
|---|---|
| fixed length control field | 00808cam a22002771 4500 |
| 001 - CONTROL NUMBER | |
| control field | 75141 |
| 003 - CONTROL NUMBER IDENTIFIER | |
| rucl marc code | BD-RjUL |
| 005 - DATE AND TIME OF LATEST TRANSACTION | |
| control field | 20211209082643.0 |
| 008 - FIXED-LENGTH DATA ELEMENTS--GENERAL INFORMATION | |
| fixed length control field | 140205r19541950enka b 001 0 eng |
| 020 ## - INTERNATIONAL STANDARD BOOK NUMBER | |
| International Standard Book Number | 0582466210 |
| 035 ## - SYSTEM CONTROL NUMBER | |
| System control number | (BD-RjUL)75359 |
| 040 ## - CATALOGING SOURCE | |
| Original cataloging agency | DLC/ICU |
| Transcribing agency | ICU |
| Modifying agency | DLC |
| Language of cataloging | eng |
| 041 ## - LANGUAGE CODE | |
| Language code of text/sound track or separate title | eng |
| 082 00 - DEWEY DECIMAL CLASSIFICATION NUMBER | |
| Classification number | 631.4 |
| Author mark and year | RUS 1972 |
| 100 1# - MAIN ENTRY--PERSONAL NAME | |
| Personal name | Russell, Edward J. |
| Fuller form of name | (Edward John), |
| Dates associated with a name | 1872-1965. |
| 9 (RLIN) | 44026 |
| 245 10 - TITLE STATEMENT | |
| Title | Soil conditions and plant growth / |
| Statement of responsibility, etc. | Edward J Russell, |
| 250 ## - EDITION STATEMENT | |
| Edition statement | 8th ed. |
| 260 ## - PUBLICATION, DISTRIBUTION, ETC. (IMPRINT) | |
| Place of publication, distribution, etc. | London : |
| Name of publisher, distributor, etc. | Longmans , |
| Date of publication, distribution, etc. | c1950 [Reprinting 1954] |
| 300 ## - PHYSICAL DESCRIPTION | |
| Pagination | xvi , 635 p. : |
| Illustrations | illus. ; |
| Size | 24 cm. |
| 504 ## - BIBLIOGRAPHY, ETC. NOTE | |
| Bibliography, etc | Includes index and bibliography. |
| 650 #0 - SUBJECT ADDED ENTRY--TOPICAL TERM | |
| Topical term or geographic name as entry element | Soil science. |
| 9 (RLIN) | 34514 |
| Topical term or geographic name as entry element | Crops and soils. |
| 9 (RLIN) | 44027 |
| 942 ## - ADDED ENTRY ELEMENTS (KOHA) | |
| Source of classification or shelving scheme | Dewey Decimal Classification |
| Koha item type | Books |
| Lost status | Source of classification or shelving scheme | Damaged status | Not for loan | Collection code | Permanent Location | Current Location | Shelving location | Date acquired | Total Checkouts | Full call number | Date last seen | Copy number | Koha item type |
|---|---|---|---|---|---|---|---|---|---|---|---|---|---|
| Dewey Decimal Classification | Not For Loan | Non-fiction | Central Library, University of Rajshahi | Central Library, University of Rajshahi | Reading Room | 24/01/2019 | 631.4 RUS 1972 | 24/01/2019 | C-1 | Books |